[Event "DVM U10 2023"]
[Site "Magdeburg GER"]
[Date "2023.12.28"]
[Round "3"]
[White "Hou, Yinuo"]
[Black "Bashirova, Sona"]
[Result "0-1"]
[Termination "normal"]
[Board "7.2"]
[WhiteElo "1211"]
[BlackElo "1317"]
[WhiteClock "00:04:57"]
[BlackClock "00:02:38"]
[WhiteTeam "SF Deizisau"]
[BlackTeam "SV Empor Berlin"]
[PlyCount "108"]
[BlackFideId "34664033"]
[EventCountry "GER"]
[EventRounds "7"]
[EventType "team-swiss"]
[EventDate "2023.12.27"]

1. e4 {[%clk 00:55:09]} c6 {[%clk 00:55:02]} {[%emt 00:00:09]} 2. d4 {[%clk
00:55:04]} {[%emt 00:00:09]} d5 {[%clk 00:55:00]} {[%emt 00:00:07]} 3. e5
{[%clk 00:54:11]} {[%emt 00:00:59]} c5 {[%clk 00:54:56]} {[%emt 00:00:09]} 4.
c3 {[%clk 00:54:01]} {[%emt 00:00:15]} Nc6 {[%clk 00:54:53]} {[%emt 00:00:08]}
5. Nf3 {[%clk 00:53:48]} {[%emt 00:00:18]} cxd4 {[%clk 00:54:09]} {[%emt
00:00:49]} 6. cxd4 {[%clk 00:53:42]} {[%emt 00:00:10]} Bg4 {[%clk 00:54:10]}
{[%emt 00:00:04]} 7. Be2 {[%clk 00:53:43]} {[%emt 00:00:04]} e6 {[%clk
00:53:03]} {[%emt 00:01:12]} 8. Be3 {[%clk 00:52:57]} {[%emt 00:00:51]} Nge7
{[%emt 00:01:28]} 9. Nc3 {[%clk 00:49:25]} {[%emt 00:03:44]} Nf5 {[%emt
00:03:13]} 10. Bf4 {[%clk 00:48:13]} {[%emt 00:00:02]} Bxf3 {[%clk 00:48:56]}
{[%emt 00:01:20]} 11. Bxf3 {[%clk 00:47:16]} {[%emt 00:01:02]} Ncxd4 {[%clk
00:45:26]} {[%emt 00:03:35]} 12. Bg4 {[%clk 00:44:34]} {[%emt 00:02:47]} Bc5
{[%clk 00:43:08]} {[%emt 00:02:19]} 13. Na4 {[%clk 00:40:39]} {[%emt 00:04:06]}
Bb4+ {[%clk 00:40:19]} {[%emt 00:02:53]} 14. Bd2 {[%clk 00:38:52]} {[%emt
00:01:51]} Bxd2+ {[%clk 00:39:16]} {[%emt 00:01:08]} 15. Qxd2 {[%clk 00:38:42]}
{[%emt 00:00:15]} O-O {[%clk 00:38:20]} {[%emt 00:01:01]} 16. Bxf5 {[%emt
00:00:34]} Nxf5 {[%emt 00:03:36]} 17. O-O {[%emt 00:01:28]} Rc8 {[%emt
00:02:27]} 18. Rac1 {[%emt 00:03:20]} Qh4 {[%emt 00:05:30]} 19. Nc3 {[%emt
00:03:36]} Rc6 {[%clk 00:28:45]} {[%emt 00:01:34]} 20. f4 {[%clk 00:24:37]}
{[%emt 00:02:21]} Rfc8 {[%clk 00:27:57]} {[%emt 00:00:52]} 21. Rf3 {[%clk
00:23:24]} {[%emt 00:01:15]} Qd8 {[%clk 00:22:36]} {[%emt 00:05:29]} 22. Rh3
{[%clk 00:20:37]} {[%emt 00:02:52]} Qa5 {[%clk 00:21:28]} {[%emt 00:01:14]} 23.
a3 {[%clk 00:19:52]} {[%emt 00:00:50]} d4 {[%clk 00:21:07]} {[%emt 00:00:25]}
24. b4 {[%clk 00:16:45]} {[%emt 00:03:12]} dxc3 {[%clk 00:20:40]} {[%emt
00:00:33]} 25. Rhxc3 {[%clk 00:15:07]} {[%emt 00:01:43]} Qb6+ {[%clk 00:19:43]}
{[%emt 00:01:03]} 26. Kf1 {[%clk 00:13:59]} {[%emt 00:02:54]} Rxc3 {[%clk
00:16:22]} {[%emt 00:03:20]} 27. Rxc3 {[%clk 00:13:53]} {[%emt 00:00:11]} Rxc3
{[%clk 00:16:15]} {[%emt 00:00:12]} 28. Qxc3 {[%clk 00:13:47]} {[%emt
00:00:11]} h6 {[%clk 00:15:04]} {[%emt 00:01:16]} 29. g4 {[%clk 00:12:37]}
{[%emt 00:01:13]} Ne3+ {[%clk 00:14:41]} {[%emt 00:00:29]} 30. Ke2 {[%clk
00:11:17]} {[%emt 00:01:25]} Nxg4 {[%clk 00:14:07]} {[%emt 00:00:39]} 31. Qg3
{[%clk 00:10:39]} {[%emt 00:00:44]} h5 {[%clk 00:12:26]} {[%emt 00:01:46]} 32.
h3 {[%clk 00:09:38]} {[%emt 00:01:06]} Nh6 {[%clk 00:12:20]} {[%emt 00:00:10]}
33. Qe3 {[%clk 00:09:19]} {[%emt 00:00:24]} Qxe3+ {[%clk 00:12:14]} {[%emt
00:00:11]} 34. Kxe3 {[%clk 00:09:19]} {[%emt 00:00:05]} Kh7 {[%clk 00:11:17]}
{[%emt 00:01:02]} 35. Kd4 {[%clk 00:09:02]} {[%emt 00:00:23]} Kg6 {[%clk
00:10:21]} {[%emt 00:00:58]} 36. Ke4 {[%clk 00:08:54]} {[%emt 00:00:15]} f6
{[%clk 00:09:18]} {[%emt 00:01:09]} 37. a4 {[%clk 00:08:24]} {[%emt 00:00:35]}
h4 {[%clk 00:08:34]} {[%emt 00:00:48]} 38. b5 {[%clk 00:08:20]} {[%emt
00:00:10]} b6 {[%clk 00:08:16]} {[%emt 00:00:24]} 39. Kf3 {[%clk 00:07:34]}
{[%emt 00:00:50]} Kf5 {[%clk 00:08:09]} {[%emt 00:00:12]} 40. exf6 {[%clk
00:07:19]} {[%emt 00:00:20]} gxf6 {[%clk 00:08:05]} {[%emt 00:00:09]} 41. Ke3
{[%clk 00:07:19]} {[%emt 00:00:05]} e5 {[%clk 00:06:38]} {[%emt 00:01:32]} 42.
fxe5 {[%clk 00:07:03]} {[%emt 00:00:20]} fxe5 {[%clk 00:06:39]} {[%emt
00:00:05]} 43. Kf3 {[%clk 00:06:58]} {[%emt 00:00:10]} e4+ {[%clk 00:06:03]}
{[%emt 00:00:41]} 44. Ke3 {[%clk 00:06:57]} {[%emt 00:00:06]} Ng4+ {[%clk
00:05:42]} {[%emt 00:00:26]} 45. Ke2 {[%clk 00:06:14]} {[%emt 00:00:48]} Kf4
{[%clk 00:05:14]} {[%emt 00:00:33]} 46. Kf1 {[%clk 00:06:05]} {[%emt 00:00:14]}
Kg3 {[%clk 00:03:50]} {[%emt 00:01:30]} 47. hxg4 {[%clk 00:05:39]} {[%emt
00:00:29]} Kxg4 {[%clk 00:03:53]} {[%emt 00:00:03]} 48. Kg2 {[%clk 00:05:24]}
{[%emt 00:00:19]} h3+ {[%clk 00:03:49]} {[%emt 00:00:10]} 49. Kh2 {[%clk
00:05:21]} {[%emt 00:00:08]} e3 {[%emt 00:00:04]} 50. a5 {[%clk 00:05:11]}
{[%emt 00:00:13]} e2 {[%clk 00:03:32]} {[%emt 00:00:25]} 51. a6 {[%clk
00:05:10]} {[%emt 00:00:06]} Kh4 {[%clk 00:02:44]} {[%emt 00:00:52]} 52. Kg1
{[%clk 00:05:00]} {[%emt 00:00:15]} e1=Q+ {[%clk 00:02:42]} {[%emt 00:00:08]}
53. Kh2 {[%clk 00:04:57]} {[%emt 00:00:08]} Qf2+ {[%clk 00:02:38]} {[%emt
00:00:09]} 54. Kh1 {[%clk 00:04:57]} {[%emt 00:00:04]} Qg2# {[%emt 00:00:02]}
0-1

[Event "DVM U10 2023"]
[Site "Magdeburg GER"]
[Date "2023.12.28"]
[Round "3"]
[White "Köhler, Valentin"]
[Black "Gheng, Hannes Lucas"]
[Result "1-0"]
[Termination "normal"]
[Board "7.3"]
[WhiteElo "1135"]
[BlackElo "961"]
[WhiteClock "00:42:33"]
[BlackClock "00:08:01"]
[WhiteTeam "SV Empor Berlin"]
[BlackTeam "SF Deizisau"]
[PlyCount "77"]
[BlackFideId "34606890"]
[EventCountry "GER"]
[EventRounds "7"]
[EventType "team-swiss"]
[EventDate "2023.12.27"]

1. e4 {[%clk 00:55:09]} c5 {[%clk 00:54:59]} {[%emt 00:00:11]} 2. Nf3 {[%clk
00:55:06]} {[%emt 00:00:07]} d6 {[%clk 00:54:50]} {[%emt 00:00:15]} 3. b3
{[%clk 00:55:02]} {[%emt 00:00:09]} Nf6 {[%emt 00:00:16]} 4. Bb2 {[%emt
00:00:11]} g6 {[%emt 00:00:30]} 5. Nc3 {[%emt 00:00:25]} Bg7 {[%emt 00:00:11]}
6. Nd5 {[%emt 00:00:20]} Nxd5 {[%emt 00:00:41]} 7. Bxg7 {[%emt 00:00:11]} Rg8
{[%clk 00:51:29]} {[%emt 00:00:32]} 8. Bb2 {[%clk 00:55:00]} {[%emt 00:00:17]}
Nf4 {[%emt 00:00:36]} 9. g3 {[%emt 00:00:27]} Nh3 {[%clk 00:50:15]} {[%emt
00:00:14]} 10. Bg2 {[%clk 00:53:37]} {[%emt 00:01:30]} e5 {[%emt 00:02:10]} 11.
Qe2 {[%emt 00:00:13]} Qf6 {[%emt 00:00:37]} 12. Qe3 {[%emt 00:00:47]} g5 {[%emt
00:02:12]} 13. O-O-O {[%emt 00:00:49]} g4 {[%clk 00:40:46]} {[%emt 00:01:09]}
14. Ne1 {[%clk 00:53:26]} {[%emt 00:01:50]} Qxf2 {[%emt 00:00:47]} 15. Qd3
{[%emt 00:01:03]} Qf6 {[%clk 00:37:58]} {[%emt 00:00:41]} 16. c3 {[%clk
00:52:50]} {[%emt 00:01:04]} Nf2 {[%emt 00:00:15]} 17. Qb5+ {[%emt 00:00:39]}
Ke7 {[%clk 00:34:30]} {[%emt 00:02:40]} 18. Rf1 {[%clk 00:52:31]} {[%emt
00:00:24]} b6 {[%clk 00:34:03]} {[%emt 00:00:31]} 19. Qe2 {[%clk 00:50:58]}
{[%emt 00:01:38]} Ba6 {[%clk 00:32:34]} {[%emt 00:01:34]} 20. c4 {[%clk
00:50:21]} {[%emt 00:00:43]} Nxd1 {[%clk 00:31:07]} {[%emt 00:01:31]} 21. Rxf6
{[%clk 00:49:33]} {[%emt 00:00:54]} Kxf6 {[%emt 00:00:19]} 22. Kxd1 {[%emt
00:00:11]} Rg6 {[%emt 00:02:43]} 23. Nc2 {[%emt 00:00:31]} Rh6 {[%emt
00:00:20]} 24. Ne3 {[%emt 00:01:45]} Bc8 {[%emt 00:01:29]} 25. Nd5+ {[%emt
00:00:19]} Kg7 {[%clk 00:22:33]} {[%emt 00:01:01]} 26. Nc7 {[%clk 00:48:49]}
{[%emt 00:00:50]} Rxh2 {[%clk 00:22:15]} {[%emt 00:00:22]} 27. Nxa8 {[%clk
00:48:29]} {[%emt 00:00:26]} Na6 {[%emt 00:00:23]} 28. d3 {[%emt 00:00:43]} Kf8
{[%emt 00:01:04]} 29. Bc1 {[%clk 00:47:07]} {[%emt 00:00:35]} Bb7 {[%emt
00:00:14]} 30. Bg5 {[%emt 00:00:23]} Bxa8 {[%emt 00:01:48]} 31. Bh4 {[%emt
00:00:08]} f5 {[%clk 00:16:57]} {[%emt 00:01:37]} 32. Qf1 {[%clk 00:45:36]}
{[%emt 00:01:36]} Nb4 {[%emt 00:00:42]} 33. Qg1 {[%emt 00:00:33]} Rxg2 {[%clk
00:15:27]} {[%emt 00:00:20]} 34. Qxg2 {[%clk 00:45:24]} {[%emt 00:00:16]} Nxd3
{[%clk 00:14:55]} {[%emt 00:00:37]} 35. Qd2 {[%clk 00:45:05]} {[%emt 00:00:24]}
Bxe4 {[%clk 00:14:20]} {[%emt 00:00:39]} 36. Qh6+ {[%emt 00:03:58]} Ke8 {[%emt
00:00:03]} 37. Qxh7 {[%emt 00:00:22]} Nf2+ {[%clk 00:08:01]} {[%emt 00:02:40]}
38. Ke2 {[%clk 00:42:33]} {[%emt 00:02:03]} f4 {[%emt 00:00:53]} 39. Qe7#
{[%emt 00:00:10]} 1-0

[Event "DVM U10 2023"]
[Site "Magdeburg GER"]
[Date "2023.12.28"]
[Round "3"]
[White "Sandros Izzi, Diego"]
[Black "Schmidt, Jakob"]
[Result "1-0"]
[Termination "normal"]
[Board "7.4"]
[WhiteElo "900"]
[BlackElo "938"]
[WhiteClock "00:29:07"]
[BlackClock "00:23:25"]
[WhiteTeam "SF Deizisau"]
[BlackTeam "SV Empor Berlin"]
[PlyCount "85"]
[EventCountry "GER"]
[EventRounds "7"]
[EventType "team-swiss"]
[EventDate "2023.12.27"]

1. e4 {[%clk 00:55:07]} {[%emt 00:00:02]} d6 {[%clk 00:55:07]} {[%emt
00:00:04]} 2. Nc3 {[%clk 00:54:36]} {[%emt 00:00:37]} Nf6 {[%clk 00:54:56]}
{[%emt 00:00:15]} 3. f3 {[%clk 00:54:30]} {[%emt 00:00:11]} c6 {[%clk
00:54:46]} {[%emt 00:00:16]} 4. d4 {[%clk 00:54:04]} {[%emt 00:00:30]} Qa5
{[%clk 00:54:36]} {[%emt 00:00:16]} 5. Bd2 {[%clk 00:53:55]} {[%emt 00:00:13]}
Qc7 {[%clk 00:54:24]} {[%emt 00:00:19]} 6. d5 {[%clk 00:53:09]} {[%emt
00:00:50]} e5 {[%clk 00:54:10]} {[%emt 00:00:19]} 7. Qe2 {[%clk 00:52:31]}
{[%emt 00:00:42]} Be7 {[%clk 00:53:36]} {[%emt 00:00:39]} 8. O-O-O {[%clk
00:52:21]} {[%emt 00:00:15]} c5 {[%clk 00:53:07]} {[%emt 00:00:34]} 9. Qf2
{[%clk 00:51:43]} {[%emt 00:00:43]} Bd7 {[%clk 00:51:50]} {[%emt 00:01:23]} 10.
Nb5 {[%clk 00:50:21]} {[%emt 00:01:28]} Bxb5 {[%clk 00:51:06]} {[%emt
00:00:47]} 11. Bxb5+ {[%clk 00:50:13]} {[%emt 00:00:14]} Nbd7 {[%clk 00:50:59]}
{[%emt 00:00:12]} 12. Ne2 {[%clk 00:48:43]} {[%emt 00:01:35]} O-O-O {[%clk
00:50:51]} {[%emt 00:00:12]} 13. Qe3 {[%clk 00:47:49]} {[%emt 00:00:59]} a6
{[%clk 00:48:39]} {[%emt 00:02:18]} 14. Bxd7+ {[%clk 00:47:14]} {[%emt
00:00:40]} Qxd7 {[%clk 00:47:50]} {[%emt 00:00:53]} 15. Ng3 {[%clk 00:46:56]}
{[%emt 00:00:23]} Qb5 {[%clk 00:46:30]} {[%emt 00:01:25]} 16. Nf5 {[%clk
00:44:49]} {[%emt 00:02:12]} Bf8 {[%clk 00:45:07]} {[%emt 00:01:28]} 17. Bc3
{[%clk 00:43:24]} {[%emt 00:01:30]} Qa4 {[%clk 00:43:50]} {[%emt 00:01:22]} 18.
Kb1 {[%clk 00:42:37]} {[%emt 00:00:52]} b5 {[%clk 00:42:38]} {[%emt 00:01:18]}
19. b3 {[%clk 00:41:47]} {[%emt 00:00:55]} Qa3 {[%clk 00:41:38]} {[%emt
00:01:05]} 20. Bb2 {[%clk 00:40:17]} {[%emt 00:01:35]} Qa5 {[%clk 00:39:47]}
{[%emt 00:01:54]} 21. g4 {[%clk 00:39:28]} {[%emt 00:00:54]} Nd7 {[%clk
00:38:52]} {[%emt 00:01:02]} 22. c4 {[%clk 00:38:42]} {[%emt 00:00:50]} bxc4
{[%clk 00:38:35]} {[%emt 00:00:23]} 23. bxc4 {[%clk 00:38:31]} {[%emt
00:00:13]} Kc7 {[%clk 00:37:42]} {[%emt 00:01:01]} 24. Rd3 {[%clk 00:38:21]}
{[%emt 00:00:15]} Rb8 {[%clk 00:37:00]} {[%emt 00:00:47]} 25. Ra3 {[%clk
00:37:40]} {[%emt 00:00:46]} Qb4 {[%clk 00:36:25]} {[%emt 00:00:40]} 26. Rb3
{[%clk 00:37:31]} {[%emt 00:00:13]} Qxc4 {[%clk 00:35:39]} {[%emt 00:00:50]}
27. Rc1 {[%clk 00:36:50]} {[%emt 00:00:47]} Rxb3 {[%clk 00:34:57]} {[%emt
00:00:47]} 28. axb3 {[%clk 00:36:39]} {[%emt 00:00:16]} Qb4 {[%clk 00:33:54]}
{[%emt 00:01:08]} 29. Rc4 {[%clk 00:36:14]} {[%emt 00:00:30]} Qb5 {[%clk
00:32:38]} {[%emt 00:01:21]} 30. h4 {[%clk 00:35:54]} {[%emt 00:00:25]} Nb6
{[%clk 00:32:06]} {[%emt 00:00:38]} 31. Rc1 {[%clk 00:34:52]} {[%emt 00:01:07]}
Kd7 {[%clk 00:31:20]} {[%emt 00:00:49]} 32. h5 {[%clk 00:33:42]} {[%emt
00:01:16]} c4 {[%clk 00:30:37]} {[%emt 00:00:48]} 33. bxc4 {[%clk 00:32:53]}
{[%emt 00:00:54]} Nxc4 {[%clk 00:30:21]} {[%emt 00:00:21]} 34. Qa7+ {[%clk
00:32:41]} {[%emt 00:00:14]} Kd8 {[%clk 00:29:13]} {[%emt 00:01:17]} 35. Rc2
{[%clk 00:31:20]} {[%emt 00:01:26]} Na3+ {[%clk 00:28:29]} {[%emt 00:00:49]}
36. Kc1 {[%clk 00:31:01]} {[%emt 00:00:23]} Qf1+ {[%clk 00:27:46]} {[%emt
00:01:01]} 37. Kd2 {[%clk 00:30:42]} {[%emt 00:00:21]} Qg2+ {[%clk 00:27:08]}
{[%emt 00:00:41]} 38. Ke3 {[%clk 00:30:30]} {[%emt 00:00:19]} Nxc2+ {[%clk
00:26:21]} {[%emt 00:00:52]} 39. Kd3 {[%clk 00:30:07]} {[%emt 00:00:29]} Nb4+
{[%clk 00:25:15]} {[%emt 00:01:10]} 40. Kc4 {[%clk 00:29:48]} {[%emt 00:00:24]}
Qxb2 {[%clk 00:25:08]} {[%emt 00:00:12]} 41. Qb8+ {[%clk 00:29:31]} {[%emt
00:00:22]} Kd7 {[%clk 00:24:24]} {[%emt 00:00:49]} 42. Qb7+ {[%clk 00:29:21]}
{[%emt 00:00:16]} Ke8 {[%clk 00:23:25]} {[%emt 00:01:01]} 43. Qc8# {[%clk
00:29:07]} {[%emt 00:00:21]} 1-0

[Event "DVM U10 2023"]
[Site "Magdeburg GER"]
[Date "2023.12.28"]
[Round "3"]
[White "Weiß, Jonas"]
[Black "Datta, Satadru"]
[Result "1/2-1/2"]
[Termination "normal"]
[Board "8.2"]
[WhiteElo "1167"]
[BlackElo "1134"]
[WhiteClock "00:29:17"]
[BlackClock "00:30:38"]
[WhiteTeam "SF München"]
[BlackTeam "USV Potsdam"]
[PlyCount "43"]
[WhiteFideId "34637168"]
[BlackFideId "34637931"]
[EventCountry "GER"]
[EventRounds "7"]
[EventType "team-swiss"]
[EventDate "2023.12.27"]

1. e4 {[%clk 00:55:10]} {[%emt 00:03:53]} e6 {[%clk 00:55:05]} {[%emt
00:00:05]} 2. d4 {[%clk 00:55:11]} {[%emt 00:00:04]} d5 {[%clk 00:54:56]}
{[%emt 00:00:14]} 3. Nc3 {[%clk 00:55:11]} {[%emt 00:00:05]} Nf6 {[%clk
00:54:41]} {[%emt 00:00:19]} 4. e5 {[%clk 00:55:07]} {[%emt 00:00:10]} Nfd7
{[%clk 00:53:47]} {[%emt 00:00:59]} 5. Qh5 {[%clk 00:55:04]} {[%emt 00:00:07]}
Nc6 {[%clk 00:52:51]} {[%emt 00:01:01]} 6. Nf3 {[%clk 00:54:35]} {[%emt
00:00:34]} h6 {[%clk 00:52:26]} {[%emt 00:00:30]} 7. Bd3 {[%clk 00:52:29]}
{[%emt 00:02:12]} Nb6 {[%clk 00:51:21]} {[%emt 00:01:10]} 8. a3 {[%clk
00:51:51]} {[%emt 00:00:43]} Bd7 {[%clk 00:50:51]} {[%emt 00:00:34]} 9. O-O
{[%clk 00:51:38]} {[%emt 00:00:18]} Qe7 {[%clk 00:48:25]} {[%emt 00:02:28]} 10.
Bd2 {[%clk 00:49:44]} {[%emt 00:02:03]} O-O-O {[%clk 00:47:05]} {[%emt
00:01:24]} 11. b3 {[%clk 00:48:52]} {[%emt 00:00:57]} g6 {[%clk 00:45:33]}
{[%emt 00:01:37]} 12. Qg4 {[%clk 00:47:44]} {[%emt 00:01:13]} Bg7 {[%clk
00:43:46]} {[%emt 00:01:51]} 13. Ne2 {[%clk 00:44:45]} {[%emt 00:03:05]} Rdg8
{[%clk 00:41:48]} {[%emt 00:02:00]} 14. c3 {[%clk 00:41:37]} {[%emt 00:03:17]}
f6 {[%clk 00:41:27]} {[%emt 00:00:23]} 15. Nf4 {[%clk 00:37:36]} {[%emt
00:04:08]} f5 {[%clk 00:39:24]} {[%emt 00:02:04]} 16. Qxg6 {[%clk 00:36:01]}
{[%emt 00:01:44]} Bxe5 {[%clk 00:37:18]} {[%emt 00:02:10]} 17. Nxe5 {[%clk
00:35:08]} {[%emt 00:00:59]} Nxe5 {[%clk 00:36:59]} {[%emt 00:00:21]} 18. dxe5
{[%clk 00:32:59]} {[%emt 00:02:17]} Rxg6 {[%clk 00:36:38]} {[%emt 00:00:26]}
19. Nxg6 {[%clk 00:32:59]} {[%emt 00:00:05]} Qg7 {[%clk 00:36:07]} {[%emt
00:00:29]} 20. Nxh8 {[%clk 00:32:57]} {[%emt 00:00:14]} Qxh8 {[%clk 00:35:49]}
{[%emt 00:00:21]} 21. Rfe1 {[%clk 00:32:32]} {[%emt 00:00:31]} Bc6 {[%clk
00:30:38]} {[%emt 00:05:10]} 22. Re3 {[%clk 00:29:17]} {[%emt 00:03:27]}
1/2-1/2

[Event "DVM U10 2023"]
[Site "Magdeburg GER"]
[Date "2023.12.28"]
[Round "3"]
[White "Golnik, Rasmus"]
[Black "Mandziuk, Varvara"]
[Result "1-0"]
[Termination "normal"]
[Board "8.3"]
[WhiteElo "1006"]
[BlackElo "1136"]
[WhiteClock "00:36:12"]
[BlackClock "00:32:19"]
[WhiteTeam "USV Potsdam"]
[BlackTeam "SF München"]
[PlyCount "105"]
[BlackFideId "34638016"]
[EventCountry "GER"]
[EventRounds "7"]
[EventType "team-swiss"]
[EventDate "2023.12.27"]

1. e4 {[%clk 00:55:09]} e5 {[%clk 00:55:05]} {[%emt 00:00:06]} 2. Nf3 {[%clk
00:55:10]} {[%emt 00:00:04]} Nc6 {[%clk 00:55:04]} {[%emt 00:00:06]} 3. Bb5
{[%clk 00:55:09]} {[%emt 00:00:05]} d6 {[%clk 00:54:37]} {[%emt 00:00:31]} 4.
d4 {[%clk 00:55:01]} {[%emt 00:00:14]} exd4 {[%clk 00:53:08]} {[%emt 00:01:35]}
5. Nxd4 {[%clk 00:54:57]} {[%emt 00:00:08]} Bd7 {[%clk 00:53:08]} {[%emt
00:00:06]} 6. Nxc6 {[%clk 00:54:44]} {[%emt 00:00:18]} Bxc6 {[%clk 00:52:58]}
{[%emt 00:00:15]} 7. Bxc6+ {[%clk 00:54:42]} {[%emt 00:00:06]} bxc6 {[%clk
00:52:54]} {[%emt 00:00:09]} 8. Nc3 {[%clk 00:54:35]} {[%emt 00:00:13]} Nf6
{[%clk 00:52:46]} {[%emt 00:00:13]} 9. Bg5 {[%clk 00:54:27]} {[%emt 00:00:13]}
Be7 {[%clk 00:52:20]} {[%emt 00:00:30]} 10. O-O {[%clk 00:53:48]} {[%emt
00:00:44]} O-O {[%clk 00:52:17]} {[%emt 00:00:08]} 11. Re1 {[%clk 00:53:36]}
{[%emt 00:00:17]} Re8 {[%clk 00:50:25]} {[%emt 00:01:58]} 12. Qd2 {[%clk
00:53:18]} {[%emt 00:00:23]} Nxe4 {[%clk 00:49:41]} {[%emt 00:00:49]} 13. Nxe4
{[%clk 00:53:03]} {[%emt 00:00:20]} d5 {[%clk 00:48:47]} {[%emt 00:01:00]} 14.
Bxe7 {[%clk 00:52:45]} {[%emt 00:00:22]} Rxe7 {[%clk 00:47:51]} {[%emt
00:01:00]} 15. Ng3 {[%clk 00:52:22]} {[%emt 00:00:28]} h6 {[%clk 00:43:20]}
{[%emt 00:04:36]} 16. Rxe7 {[%clk 00:52:08]} {[%emt 00:00:20]} Qxe7 {[%clk
00:43:12]} {[%emt 00:00:13]} 17. Re1 {[%clk 00:52:04]} {[%emt 00:00:09]} Qc5
{[%clk 00:43:04]} {[%emt 00:00:13]} 18. Nf5 {[%clk 00:51:01]} {[%emt 00:01:07]}
Kf8 {[%clk 00:41:59]} {[%emt 00:01:10]} 19. Qd4 {[%clk 00:49:33]} {[%emt
00:01:33]} Qxd4 {[%clk 00:41:35]} {[%emt 00:00:29]} 20. Nxd4 {[%clk 00:49:26]}
{[%emt 00:00:13]} c5 {[%clk 00:41:33]} {[%emt 00:00:07]} 21. Nf3 {[%clk
00:49:19]} {[%emt 00:00:11]} a5 {[%clk 00:41:14]} {[%emt 00:00:25]} 22. a4
{[%clk 00:48:59]} {[%emt 00:00:24]} c4 {[%clk 00:40:59]} {[%emt 00:00:21]} 23.
b3 {[%clk 00:48:10]} {[%emt 00:00:54]} cxb3 {[%clk 00:40:48]} {[%emt 00:00:15]}
24. cxb3 {[%clk 00:48:08]} {[%emt 00:00:08]} Rb8 {[%clk 00:40:49]} {[%emt
00:00:03]} 25. Nd4 {[%clk 00:47:31]} {[%emt 00:00:42]} c5 {[%clk 00:40:36]}
{[%emt 00:00:18]} 26. Nc6 {[%clk 00:47:10]} {[%emt 00:00:27]} Rxb3 {[%clk
00:40:34]} {[%emt 00:00:07]} 27. Nxa5 {[%clk 00:46:30]} {[%emt 00:00:45]} Ra3
{[%clk 00:40:31]} {[%emt 00:00:08]} 28. h3 {[%clk 00:45:44]} {[%emt 00:00:51]}
Rxa4 {[%clk 00:40:23]} {[%emt 00:00:13]} 29. Nb3 {[%clk 00:45:09]} {[%emt
00:00:40]} c4 {[%emt 00:01:21]} 30. Nd4 {[%clk 00:43:34]} {[%emt 00:00:40]} c3
{[%clk 00:39:57]} {[%emt 00:00:14]} 31. Nc2 {[%clk 00:43:31]} {[%emt 00:00:08]}
d4 {[%clk 00:38:49]} {[%emt 00:01:14]} 32. Rd1 {[%clk 00:43:23]} {[%emt
00:00:13]} Rc4 {[%clk 00:38:01]} {[%emt 00:00:53]} 33. Rxd4 {[%clk 00:43:06]}
{[%emt 00:00:22]} Rxd4 {[%clk 00:37:53]} {[%emt 00:00:13]} 34. Nxd4 {[%clk
00:43:06]} {[%emt 00:00:05]} Ke7 {[%clk 00:37:54]} {[%emt 00:00:03]} 35. Kf1
{[%clk 00:42:42]} {[%emt 00:00:29]} Kd6 {[%clk 00:37:51]} {[%emt 00:00:08]} 36.
Ke2 {[%clk 00:41:54]} {[%emt 00:00:51]} Kc5 {[%clk 00:37:39]} {[%emt 00:00:19]}
37. Kd3 {[%clk 00:41:00]} {[%emt 00:00:59]} Kb4 {[%clk 00:37:34]} {[%emt
00:00:11]} 38. Kc2 {[%clk 00:40:36]} {[%emt 00:00:29]} f5 {[%clk 00:36:49]}
{[%emt 00:00:50]} 39. Nxf5 {[%clk 00:40:31]} {[%emt 00:00:10]} Kc4 {[%clk
00:36:42]} {[%emt 00:00:12]} 40. Nxg7 {[%clk 00:40:19]} {[%emt 00:00:16]} Kb4
{[%clk 00:36:28]} {[%emt 00:00:19]} 41. f4 {[%clk 00:40:12]} {[%emt 00:00:12]}
Kc4 {[%clk 00:36:18]} {[%emt 00:00:16]} 42. f5 {[%clk 00:39:53]} {[%emt
00:00:24]} Kd5 {[%clk 00:36:02]} {[%emt 00:00:21]} 43. Kxc3 {[%clk 00:38:50]}
{[%emt 00:01:08]} Ke5 {[%clk 00:35:58]} {[%emt 00:00:09]} 44. g4 {[%clk
00:38:46]} {[%emt 00:00:08]} Kf6 {[%clk 00:35:35]} {[%emt 00:00:28]} 45. Nh5+
{[%emt 00:00:54]} Kf7 {[%clk 00:35:23]} 46. f6 {[%clk 00:38:01]} {[%emt
00:00:18]} Kf8 {[%clk 00:35:19]} {[%emt 00:00:09]} 47. h4 {[%emt 00:00:46]} Kf7
{[%emt 00:00:34]} 48. g5 {[%clk 00:37:13]} {[%emt 00:00:02]} hxg5 {[%clk
00:34:31]} {[%emt 00:00:34]} 49. hxg5 {[%clk 00:37:12]} {[%emt 00:00:06]} Kg8
{[%clk 00:34:21]} {[%emt 00:00:15]} 50. g6 {[%clk 00:36:49]} {[%emt 00:00:28]}
Kf8 {[%clk 00:33:08]} {[%emt 00:01:17]} 51. Nf4 {[%clk 00:36:44]} {[%emt
00:00:12]} Kg8 {[%clk 00:33:06]} {[%emt 00:00:07]} 52. f7+ {[%clk 00:36:12]}
{[%emt 00:00:37]} Kh8 {[%clk 00:32:19]} {[%emt 00:00:52]} 53. f8=Q# {[%emt
00:00:15]} 1-0